000 01122nam2a2200277 4500
001 RU\NLR\bibl\584662
005 20250610140429.0
010 _a5-8044-0409-1
_9500
021 _aRU
_b2004-32396
_91629
035 _a(NLR Aleph) 000576646
090 _a1626310
_c1626310
100 _a20041217d2004 |||y0rusy50 ca
101 0 _arus
_deng
_erus
_eeng
102 _aRU
105 _aab |||||||||
200 0 _aТ. 1
210 _d2004
_aБ. м.
215 _a847, [1] c.
_cил., карт.
300 _aРез. на англ. яз.
320 _aБиблиогр.: с. 823-845
461 0 _1001RU\NLR\bibl\733020
_12001#$aДальневосточный морской биосферный заповедник$vТ. 1
_9714638
_cВладивосток
_d2004
_fРос. акад. наук, Дальневост. отд-ние, Ин-т биологии моря
_nДальнаука
_oИсследования
_tДальневосточный морской биосферный заповедник
_vТ. 1
801 0 _aRU
_bNLR
_c20041217
_gPSBO
801 1 _aRU
_bNLR
_c20041217
942 _cBOOK
980 _aNB